banner-ar

محاكمة سقراط: ومحاكمات اخرى / (Record no. 46516)

MARC details
000 -الفاتح
حقل البيانات ثابتة الطول 00498nam a2200181Ia 4500
008 - عناصر البيانات ثابتة الطول - معلومات عامة
حقل البيانات ثابتة الطول 140319s9999 xx 000 0 ara d
040 ## - مصدر الفهرسة
وكالة الفهرسة الأصلية GCL /
وكالة النسخ GCL
082 04 - رقم تصنيف ديوى العشرى
رقم التصنيف 808.381
رقم المادة ح م
100 1# - المدخل الرئيسى - إسم شخصى
الإسم الشخصى حلمى مراد
245 10 - بيان العنوان
العنوان محاكمة سقراط: ومحاكمات اخرى /
بيان المسئوليه,etc حلمى مراد
300 ## - الوصف المادى
التعداد 191 ص
490 ## - بيان السلسلة
عنوان السلسلة كتابى
رقم المجلد/ التعيين التسلسلي 0
650 04 - المدخل الاضافى بالموضوع-مصطلح موضوعى
مصطلح موضوعي القصص التاريخية
650 04 - المدخل الاضافى بالموضوع-مصطلح موضوعى
مصطلح موضوعي القصص
650 04 - المدخل الاضافى بالموضوع-مصطلح موضوعى
مصطلح موضوعي القصص الادبية
942 ## - عناصر المدخل الإضافي( كوها)
مصدر التصنيف او مخطط الترفيف Dewey Decimal Classification
Koha [default] item type كتاب
Holdings
حالة التراجع حالة الفقد حالة تلف ليس للاعارة المكان المؤقت الموقع الحالى تاريخ الاكتساب اجمالي اﻻعارات رقم الطلب الباركود تاريخ اخر مشاهدة تاريخ تفعيل السعر نوع وعاء كوها
        مكتبة القاهرة الكبرى مكتبة القاهرة الكبرى 03/26/2014   808.381\ح م 113292 03/26/2014 03/26/2014 كتاب
        مكتبة القاهرة الكبرى مكتبة القاهرة الكبرى 03/26/2014   808.381\ح م 113293 03/26/2014 03/26/2014 كتاب

Powered By

EGPV